Регионална библиотека "Любен Каравелов" - Русе

Значението на авторитета въ въспитанието (Запис номер 402725)

MARC детайли
000 -Лидер
Контролно поле с фиксирана дължина nam a22 a 4500
003 - Код на организацията, давaща контролен номер
Контролно поле BLK
005 - Дата и час на последна редакция
Контролно поле 20210331152026.0
008 - Елементи от данни с фиксирана дължина
fixed length control field 210325b bu |||||r|||| 00| | bu d
040 ## - Източник на каталожния запис
Идентификатор на билиотеката - собственик на записа BLK
041 ## - Код за език
Код за езика на текст/звукозапис или на отделно заглавие Български
Код за езика КДБФ Български
080 ## - УДК
Текстов определител УДК Основи на възпитанието (материални, теоретични, философски и др.). Педагогика
УДК код - определител по УДК 37.01
УДК - код + определител 37.01
100 ## - Редна дума - Автор
R(LIN) 324856
Автор Добролюбов, Николай Александрович
Авторска отговорност първи автор
139 ## - Редно поле
Редна дума Добролюбов, Николай Александрович
245 ## - Сведения за заглавието
Заглавие Значението на авторитета въ въспитанието
Редно поле (дума) Николай Александрович Добролюбов ; прев. от ориг
260 ## - Област на издателските данни
Място на издаване, разпространение и проч. Враца
Година на издаване 1898
300 ## - Физическа характеристика
Страници 29 с.
Размери/Мащаб 25 см
380 ## - Жанр
Жанр Обществени науки
650 #7 - Допълнително описание по предмет – тема
9 (RLIN) 151367
Основно описание – тема или топоним Възпитание
653 #7 - Ключова дума – ненормативна
9 (RLIN) 183705
Ключова дума възпитание
653 #7 - Ключова дума – ненормативна
9 (RLIN) 180370
Ключова дума авторитет
852 ## - Местоположение
Форматна сигнатура Рб 898
Фондова буква Редки и ценни
999 ## - СИСТЕМНИ КОНТРОЛНИ НОМЕРА
Koha biblionumber 402725
Koha biblioitemnumber 402725
942 ## - АРТИКУЛИ
Вид на библиотечния материал Книги
Скрит в OPAC Не
Периодичен библиозапис Да
944 ## - СЪЗДАВАНЕ И РЕДАКЦИЯ на ЗАПИСА
Създаване/Редакция Създаване
Дата на регистрацията/редакция 2021-03-25
Служител, извършил регистрацията/редакцията Христина Везирева
999 ## - СИСТЕМНИ КОНТРОЛНИ НОМЕРА
Koha biblioitemnumber 402725
Наличности
Код за отписване Код за изгубен артикул Източник на класификационната схема Код за повреда Коз за рестрикции Код за отдаване Артикулен № Име на библиотеката - собственик Име на библиотеката, в която се намира в момента Статус (Текущо местоположение) Дата на вписване в системата Местоположение - отдел Цена в лева Инвентарен номер Систематично азбучна сигнатура Баркод Цена в евро Служебен тип на артикула
  Не е изгубен Universal Decimal Classification Не е повреден само за читалня Специални фондове ( старопечатни, редки и ценни, фонд М. Арнаудов) 853134 Регионална библиотека "Любен Каравелов" Русе Регионална библиотека "Любен Каравелов" Русе Редки и ценни 2021-09-20 Редки и ценни 0.06 10324/58 Рб 898 900000043060 0.03 Книги
Vip Innovations Ltd, Rousse, Bulgaria 2025